Sports Quiz

Random Sports or WWE Quiz

List of WWE/WCW Cruiserweight Champions Quiz Stats

 Plays Quiz not verified by Sporcle

Score 0/79 Timer 10:00
0 Plays Today
Reign Length Answer % Correct
6/15/2004-7/27/2004Rey Mysterio
96.4%
12/30/2003-2/15/2004Rey Mysterio
96.4%
6/3/2003-9/23/2003Rey Mysterio
96.4%
4/26/1999-8/19/1999Rey Mysterio
96.4%
3/15/1999-4/19/1999Rey Mysterio
96.4%
1/15/1998-1/24/1998Rey Mysterio
96.4%
10/26/1997-11/10/1997Rey Mysterio
96.4%
7/8/1996-10/27/1996Rey Mysterio
96.4%
6/14/1998-8/8/1998Chris Jericho
94.5%
1/24/1998-5/17/1998Chris Jericho
94.5%
8/12/1997-9/14/1997Chris Jericho
94.5%
6/28/1997-7/28/1997Chris Jericho
94.5%
2/18/2007-7/22/2007Chavo Guerrero
92.7%
2/20/2005-3/29/2005Chavo Guerrero
92.7%
5/16/2004-5/18/2004Chavo Guerrero
92.7%
2/15/2004-5/4/2004Chavo Guerrero
92.7%
12/4/2000-3/18/2001Chavo Guerrero
92.7%
6/6/2000-7/31/2000Chavo Guerrero
92.7%
5/17/1998-6/11/1998Dean Malenko
92.7%
1/21/1997-2/23/1997Dean Malenko
92.7%
10/27/1996-12/29/1996Dean Malenko
92.7%
5/2/1996-7/8/1996Dean Malenko
92.7%
10/9/2005-11/15/2005Juventud
90.9%
11/22/2005-12/18/2005Juventud
90.9%
11/16/1998-11/22/1998Juventud
90.9%
8/8/1998-9/14/1998Juventud
90.9%
1/8/1998-1/15/1998Juventud
90.9%
11/10/1997-12/29/1997Eddie Guerrero
89.1%
9/14/1997-10/26/1997Eddie Guerrero
89.1%
11/17/2002-2/23/2003Billy Kidman
87.3%
4/2/2002-4/21/2002Billy Kidman
87.3%
10/9/2001-10/22/2001Billy Kidman
87.3%
7/3/2001-7/30/2001Billy Kidman
87.3%
3/30/2000-3/31/2000Billy Kidman
87.3%
11/22/1998-3/15/1999Billy Kidman
87.3%
9/14/1998-11/16/1998Billy Kidman
87.3%
7/30/2001-10/9/2001X-Pac
87.3%
2/23/1997-6/28/1997X-Pac
87.3%
1/29/2006-2/18/2007Gregory Helms
80%
5/14/2002-6/23/2002Gregory Helms
80%
Reign Length Answer % Correct
3/18/2001-7/3/2001Gregory Helms
80%
10/27/1991-12/25/1991Brian Pillman
80%
2/29/1992-6/20/1992Brian Pillman
80%
7/22/2007-9/25/2007Hornswoggle
78.2%
6/23/2002-11/17/2002Jamie Noble
76.4%
2/23/2003-6/3/2003Matt Hardy
74.5%
12/29/1997-1/8/1998Ultimo Dragon
74.5%
12/29/1996-1/21/1997Ultimo Dragon
74.5%
12/25/1991-2/29/1992Jushin Liger
72.7%
9/23/2003-12/30/2003Tajiri
70.9%
4/21/2002-5/14/2002Tajiri
70.9%
10/22/2001-4/2/2002Tajiri
70.9%
7/28/1997-8/12/1997Alex Wright
70.9%
4/19/1999-4/26/1999Psychosis
69.1%
10/4/1999-10/4/1999Psychosis
69.1%
3/29/2005-8/2/2005Paul London
67.3%
12/12/2004-2/20/2005Funaki
65.5%
11/15/2005-11/22/2005Nunzio
61.8%
8/2/2005-10/9/2005Nunzio
61.8%
7/27/2004-12/12/2004Spike Dudley
61.8%
12/19/1999-1/16/2000Madusa
61.8%
10/4/1999-11/21/1999Disco Inferno
60%
7/31/2000-8/14/2000Lance Storm
58.2%
8/14/2000-10/2/2000Elix Skipper
56.4%
1/16/2000-1/18/2000Oklahoma
56.4%
12/18/2005-1/29/2006Kid Kash
54.5%
5/15/2000-5/22/2000Crowbar
54.5%
11/21/1999-12/19/1999Evan Karagias
52.7%
5/4/2004-5/16/2004Jacqueline
50.9%
8/19/1999-10/4/1999Lenny Lane
50.9%
7/5/1992-9/2/1992Brad Armstrong
50.9%
6/20/1992-7/5/1992Scotty Flamingo
49.1%
5/18/2004-6/15/2004Chavo Classic
47.3%
5/22/2000-6/6/2000Daffney
47.3%
3/20/1996-5/2/1996Shinjiro Otani
47.3%
10/2/2000-12/4/2000Mike Sanders
45.5%
3/31/2000-4/10/2000The Artist
45.5%
2/20/2000-3/30/2000The Artist
45.5%
4/16/2000-5/15/2000Chris Candido
41.8%

You're not logged in!

Compare scores with friends on all Sporcle quizzes.
OR
Log In

Sporcle TV

Today on Sporcle TV


Watch our educational content, quiz creation guides, and fun videos on Sporcle TV.

Show Comments

Extras

Top Quizzes Today


Score Distribution

Your Account Isn't Verified!

In order to create a playlist on Sporcle, you need to verify the email address you used during registration. Go to your Sporcle Settings to finish the process.

Report this User

Report this user for behavior that violates our Community Guidelines.

Details: